Statistics for Music by Letter - O

Click here to take the quiz!

General Stats

  • This quiz has been taken 13,914 times
    (13,697 since last reset)
  • The average score is 13 of 18

Answer Stats

HintAnswer% Correct
Church instrument with pipesOrgan
97%
Ozzy's last nameOsbourne
96%
What a conductor conductsOrchestra
94%
Lennon's YokoOno
92%
Musical performance such as
"Carmen" or "La bohème"
Opera
90%
Boy band abbreviated as 1DOne Direction
89%
Double reed instrumentOboe
86%
Musical interval of 8 notesOctave
77%
Soul singer ReddingOtis
76%
Musical based on a Dickens novelOliver!
68%
Rock band: Blue ______ CultÖyster
68%
Last name of Donny and MarieOsmond
62%
_____ of a lonely heart, much better
than the _____ of a broken heart
Owner
56%
Beatles song "________'s Garden"Octopus
50%
Specific numbered work of a composerOpus
46%
Wind instrument played by Link
in some Zelda games
Ocarina
44%
Instrumental introduction to the aboveOverture
43%
"Surrey with the Fringe on Top" musicalOklahoma
38%

Score Distribution

Percentile by Number Answered

Percent of People with Each Score

Your Score History

You have not taken this quiz since the last reset